Corruption and the provision of health care and education services

Gespeichert in:
Bibliographische Detailangaben
1. Verfasser: Gupta, Sanjeev
Weitere Verfasser: Davoodi, Hamid, Tiongson, Erwin
Format: Buch
Sprache:Englisch
Veröffentlicht: Washington International Monetary Fund 2000
Schriftenreihe:IMF Working Paper WP/00/116
Schlagworte:
Tags: Tag hinzufügen
Keine Tags, Fügen Sie das erste Tag hinzu!

MARC

LEADER 00000nam a2200000 4500
001 c124315
005 20221108093014.7
041 0 |a eng 
044 |a US 
245 1 0 |a Corruption and the provision of health care and education services  |c Sanjeev Gupta, Hamid Davoodi and Erwin Tiongson 
264 1 |a Washington  |b International Monetary Fund  |c 2000 
300 |a 32 s. 
490 1 |a IMF Working Paper  |v WP/00/116 
830 0 |a IMF Working Paper  |v WP/00/116 
610 2 0 |a korupcia 
610 2 0 |a školstvo 
610 2 0 |a zdravotníctvo 
610 2 0 |a provízie 
100 1 |a Gupta, Sanjeev 
700 1 |a Davoodi, Hamid 
700 1 |a Tiongson, Erwin